000 00322 a2200121 4500
000 nam a22 7a 4500
005 20260210155837.0
020 _a9788119230310 (hbk)
100 _aShafi, Mohammad Iftikhar
_91114893
245 _aFilisteen ki muntakhab kahaniya
260 _bMatterlink Publishers
_c2024
942 _cTB
999 _c1679127
_d1679127